| 000 | 00761nam a22002057a 4500 | ||
|---|---|---|---|
| 005 | 20111212152439.0 | ||
| 020 |
_a9788121938280 _c99.00 |
||
| 037 | _bS. Chand Publishing | ||
| 100 |
_aKiralfy, Bob _936862 |
||
| 245 |
_aThe most excellent book of how to be a cheerleader / _cby Bob Kiralfy; edited by Sarah Levete; illustrated by Rab Shone (and) Peter Harper |
||
| 260 |
_aNew Delhi _bS. Chand Publishing _c2011 |
||
| 270 |
_a7361, Ram Nagar _bNew Delhi _e110055 |
||
| 300 |
_a32p. _bill. _c24cm(pbk) |
||
| 490 |
_aMost excellent _936863 |
||
| 700 |
_a Levete, Sarah _936859 |
||
| 700 |
_aShone, Rob _936864 |
||
| 700 |
_a Harper, Peter _936865 |
||
| 942 |
_2ddc _cCH _mKIR |
||
| 999 |
_c59322 _d59322 |
||